Tous les Pokémon asexués - Statistiques

Statistiques générales
  • Ce quiz a été pris 20 fois
  • Le résultat moyen est 91 sur 155
Statistiques - réponses
Pokémon asexués % Correct
Métamorph
95%
Artikodin
89%
Ho-Oh
89%
Lugia
89%
Mew
89%
Mewtwo
89%
Sulfura
89%
Electhor
84%
Entei
84%
Raikou
84%
Suicune
84%
Celebi
79%
Darkrai
79%
Groudon
79%
Kyogre
79%
Manaphy
79%
Phione
79%
Rayquaza
79%
Zacian
79%
Arceus
74%
Cobaltium
74%
Deoxys
74%
Dialga
74%
Giratina
74%
Mouscoto
74%
Palkia
74%
Reshiram
74%
Victini
74%
Viridium
74%
Xerneas
74%
Yveltal
74%
Zamazenta
74%
Zygarde
74%
Bamboiselle
68%
Cancrelove
68%
Créfadet
68%
Créfollet
68%
Créhelf
68%
Jirachi
68%
Keldeo
68%
Kyurem
68%
Lunala
68%
Magnéti
68%
Magnéton
68%
Magnézone
68%
Regice
68%
Regigigas
68%
Registeel
68%
Shaymin
68%
Solgaleo
68%
Terrakium
68%
Tokopisco
68%
Tokopiyon
68%
Tokorico
68%
Tokotoro
68%
Zekrom
68%
Zéroid
68%
Ama-Ama
63%
Câblifère
63%
Engloutyran
63%
Genesect
63%
Katagami
63%
Magearna
63%
Mandrillon
63%
Marshadow
63%
Motisma
63%
Pierroteknik
63%
Porygon
63%
Porygon2
63%
Porygon-Z
63%
Regirock
63%
Silvallié
63%
Type:0
63%
Vemini
63%
Cosmog
58%
Cosmovum
58%
Diancie
58%
Epine-de-Fer
58%
Flotte-Mèche
58%
Garde-de-Fer
58%
Hotte-de-Fer
58%
Hurle-Queue
58%
Ire-Foudre
58%
Koraidon
58%
Melmetal
58%
Meloetta
58%
Meltan
58%
Métalosse
58%
Métang
58%
Miraidon
58%
Necrozma
58%
Paume-de-Fer
58%
Roue-de-Fer
58%
Rugit-Lune
58%
Serpente-Eau
58%
Terhal
58%
Zarbi
58%
Electrode
53%
Ethernatos
53%
Feu-Perçant
53%
Fort-Ivoire
53%
Gromago
53%
Mite-de-Fer
53%
Mordudor
53%
Pelage-Sablé
53%
Rampe-Ailes
53%
Têtes-de-Fer
53%
Vert-de-Fer
53%
Volcanion
53%
Voltorbe
53%
Yuyu
53%
Zeraora
53%
Baojian
47%
Blizzeval
47%
Clic
47%
Cliticlic
47%
Fongus-Furie
47%
Hoopa
47%
Regidrago
47%
Regieleki
47%
Roc-de-Fer
47%
Spectreval
47%
Sylveroy
47%
Théffroi
47%
Tic
47%
Zarude
47%
Archéodong
42%
Archéomire
42%
Chef-de-Fer
42%
Dinglu
42%
Galvagla
42%
Galvagon
42%
Hydragla
42%
Hydragon
42%
Pêchaminus
42%
Polthégeist
42%
Strassie
42%
Théffroyable
42%
Balbuto
37%
Hexagel
37%
Kaorine
37%
Poltchageist
37%
Séléroc
37%
Solaroc
37%
Golemastoc
32%
Gringolem
32%
Météno
32%
Munja
32%
Chongjian
26%
Hexadron
26%
Sinistrail
26%
Stari
26%
Staross
26%
Compagnol
11%
Famignol
11%
Aucun quiz correspondant
Distribution des résultats
% des personnes avec chaque résultat
Percentile par nombre de réponses
Votre historique - résultats
Vous n’avez pas pris ce quiz